| 000 | 00565nam a2200157 a 4500 | ||
|---|---|---|---|
| 008 | 120416s1978 ||||||||||||||||| || u | ||
| 050 | _aRC 961.5 Jel | ||
| 100 | _aJelliffe, Derrick Brian | ||
| 245 | 1 | 0 | _aDiseases of children in the subtropics and tropics |
| 246 | _aDerrick B. Jelliffe | ||
| 250 | _a3rd ed. | ||
| 260 |
_aLondon _bEdward Arnold _c1978 |
||
| 300 | _axviii, 1049p. : ill. | ||
| 350 | _a0.00 | ||
| 995 |
_D0.00 _FCBU-MAIN LIBRARY (Kitwe) _H1 _I0.00 _UAVAILABLE _ZAnnex Low-Usage Collection |
||
| 999 |
_c40318 _d40318 |
||